[Event "Abu Dhabi op 23rd"]
[Site "Abu Dhabi"]
[Date "2016.08.23"]
[Round "4"]
[White "Mekhitarian, Krikor Sevag"]
[Black "Salem, AR Saleh"]
[Result "1/2-1/2"]
[WhiteElo "2550"]
[BlackElo "2617"]
[Annotator "Mekhitarian,K"]
[PlyCount "125"]
[EventDate "2016.08.21"]
[EventType "swiss"]
[EventRounds "9"]
[EventCountry "UAE"]
[SourceTitle "CBM 175"]
[Source "ChessBase"]
[SourceDate "2016.11.10"]
[SourceVersion "1"]
[SourceVersionDate "2016.11.10"]
[SourceQuality "1"]

1. e4 c5 2. Nf3 d6 3. d4 cxd4 4. Nxd4 Nf6 5. Nc3 a6 6. g3 $5 {Inspired by the
great Michael Adams, I wanted to try this modest but very interesting line
against the Najdorf. Needless to say, he scores a lot of wins with this move,
and I mean a lot! Three recent ones against strong players are mentioned here.
It is extraordinary to notice how clean these games are, and even with all the
computers helping to place the Najdorf as one of the best defences against 1.
e4, strong positional knowledge can outplay any well-prepared opponent. I'm
talking about Adams, of course!} e6 (6... e5 7. Nde2 (7. Nb3 {is also
interesting} Be7 8. Bg2 O-O 9. a4 Bg4 10. Qd2 Nbd7 11. O-O Rc8 12. a5 Qc7 13.
h3 Be6 14. Rd1 Rfd8 15. Qe1 Ra8 16. Be3 h6 17. Rd2 b5 18. axb6 Nxb6 19. Na5 $13
{1-0 (66) Adams,M (2734)-Gallagher,J (2526) France 2003}) 7... Be7 8. Bg2 b5 (
8... O-O 9. O-O b5 10. Nd5 Nxd5 11. Qxd5 Ra7 12. Be3 Rb7 13. Qd3 Nd7 14. Nc3
Nf6 15. Bg5 Be6 16. Bxf6 Bxf6 17. Nd5 Bg5 18. h4 Bh6 19. c3 a5 20. a3 Qc8 21.
b4 axb4 22. axb4 Qc6 23. Rfd1 g6 24. Ra3 $16 Kg7 25. Qf3 f5 $2 26. exf5 Bxf5
27. Qe2 Qc4 28. Qxc4 bxc4 29. Ra6 $18 {1-0 (44) Adams,M (2745)-Bok,B (2594)
Douglas 2016}) 9. Nd5 Nbd7 10. Nec3 Bb7 11. a4 Nxd5 12. Nxd5 O-O 13. axb5 axb5
14. Rxa8 Bxa8 15. O-O Nc5 16. b4 Ne6 17. h4 Bxd5 18. Qxd5 $16 {1-0 (56) Adams,
M (2740)-Navara,D (2724) Biel 2015}) 7. Bg2 Be7 8. O-O O-O 9. a4 Nc6 10. Be3
Rb8 11. Qe2 (11. f4 Qc7 12. Kh1 Bd7 13. Nb3 b6 14. g4 {White already has a
stable centre and the initiative.} h6 15. Qe2 Nb4 16. Nd4 (16. g5 $5 {this
anti-positional thrust was also playable} hxg5 17. fxg5 Ne8 18. Qh5 $1 $40 {
followed by Rf3, looks very dangerous for Black}) 16... Rbc8 17. Rad1 Qc4 18.
Qf3 e5 19. Nf5 Bxf5 20. exf5 exf4 21. Rd4 $16 {Black is already in trouble} Qc7
22. Bxf4 Nxc2 23. Rd2 Nb4 24. h4 $1 $18 {1-0 (33) Adams,M (2745)-Giri,A (2790)
Shamkir 2015, with a decisive attack.}) 11... Qc7 12. Kh1 Re8 13. f4 Bd7 (13...
Nxd4 $5 14. Bxd4 e5 15. Ba7 Ra8 16. Be3 $13) 14. Nb3 $1 Nb4 (14... Na5 {
I was expecting this during the game, but apparently I can exchange and play
Bd2 (as my opponent suggested in the post-mortem)} 15. Nxa5 (15. g4 Nc4 16. g5
Nxe3 17. Qxe3 Nh5 {is not that clear, for example:} 18. Bf3 g6 19. Bxh5 gxh5
$132) 15... Qxa5 16. Bd2 Bc6 (16... e5 17. Nd5 Qd8 18. Nxe7+ Qxe7 19. f5 {
looks consistent for White} Bc6 20. c4 $1 $14) 17. b4 $1 $36 {followed by b5}
Qxb4 18. Nd5 $1 Qd4 19. Be3 Qb2 20. Rfb1 Qxb1+ 21. Rxb1 exd5 22. exd5 $16) 15.
a5 (15. g4 $5 e5 (15... Nxg4 $5 16. Qxg4 Nxc2 17. Qg3 Nxa1 18. Rxa1 Qc4 $13)
16. f5 h6 {with a complex position that needs to be explored.} 17. h4 Nh7 $13)
15... Rbc8 16. Rac1 (16. Bb6 Qc4 17. Qd1 $5 {intending Nd2, I didn't think
about this during the game} (17. Qd2 $13 {was one of my ideas also, but I
didn't know to continue after this, since g4 is not happening anymore}) 17...
e5 18. Nd2 Qc6 19. Ra4 d5 $1 20. exd5 Nbxd5 21. Rc4 Nxc3 $1 22. Rxc3 Qe6 23.
fxe5 Qxe5 24. Rxc8 Bxc8 25. Nc4 $36 {and maybe White keeps a slight initiative
against Black's queenside.}) 16... Qb8 (16... e5 17. f5 Qc4 18. Qd1 $13 {
The same idea as we saw in White's 16th move analysis.}) 17. Qd2 (17. g4 $6 {
was my idea, I thought it failed because of ...d5 (which is fine), but ...
Rxc3! is even stronger} Rxc3 $1 (17... d5 18. e5 Ne4 19. Nxe4 Bb5 20. Qf2 Bxf1
21. Rxf1 dxe4 22. Bxe4 $44 {and White has some compensation}) 18. bxc3 Na2 19.
g5 Nxc3 $1 $17 {followed by Nfxe4, with a splendid position for Black. This
line was also pointed out by my oponnent.}) 17... Rc4 18. Bb6 Rec8 19. Nd4 $6 (
19. Rcd1 $5 {to make ...Bd8 harder (I didn't feel it was coming)} Be8 $13 {
And again, it is hard to say what either side is planning to do, clearly a
difficult position to play!}) 19... Bd8 $1 20. Bxd8 Rxd8 {Now ...e5 is coming.}
21. Nce2 Nc6 $1 22. b3 Rc5 23. c4 Nxd4 24. Nxd4 e5 $1 (24... Qc7 $2 {was a
trap I saw during the game} 25. b4 $1 Rxc4 $2 (25... Rh5 26. Bf3 Rh6 {and now
Black's position looks horrible} 27. Rfe1 $16) 26. Rxc4 Qxc4 27. Rc1 $18 {
unusually trapping the black queen.}) 25. b4 Rc7 26. Nf5 (26. fxe5 dxe5 27. Qg5
$2 exd4 28. Rxf6 Be6 $17 {and White's position collapses.}) 26... Bxf5 27. exf5
{I thought my position was still ok (maybe it still is), but it is not easy to
play.} e4 28. Rfe1 $6 {Too slow, Black gets a long-lasting initiative now.} (
28. g4 $1 {was urgent, to avoid ...d5 and activate the g2-bishop.} Nxg4 29.
Bxe4 Re8 30. Bd5 {reaching a complex position, both sides have to be careful}
Rce7 (30... Ne3 31. Rg1 Nxf5 32. Qd3 Ne7 33. Bxf7+ $1 Kxf7 34. Qxh7 Rg8 35. f5
Kf8 $1 {forced to avoid f6} 36. f6 gxf6 37. Qh6+ Kf7 38. Qh7+ Kf8 39. Qh6+ Kf7
$11) 31. Bf3 Nf6 32. Rg1 $13) 28... d5 $1 29. cxd5 Rxd5 30. Qe3 $6 (30. Qe2 $15
{was more resilient, avoiding tactical ideas with ...Rd3, ...Ng4, etc}) 30...
Re7 31. Rc5 Rd8 (31... Rxc5 {would have been simpler I think} 32. Qxc5 Qd8 $17
{and White is slowly getting in trouble.}) 32. h3 h5 33. Rec1 Kh7 (33... h4 $5
34. g4 (34. Bf1 {avoiding ...Rd3} Nh5 35. gxh4 Qxf4 36. Qxf4 Nxf4 {Black has a
nice endgame, but White is in the game} 37. Rc8 $132) 34... Nd5 $19) 34. g4 $2
{A losing move, but a valid try having 1 minute on the clock, against 25 for
my opponent! It was not easy to find the refutation, and my opponent ended up
in deep time trouble as well.} (34. Bf1 {it was important to stop ...Rd3.
Black remains better, but it is not easy to break through.} Qd6 35. b5 $5 $132)
34... Rd3 $1 (34... Nd5 35. Rxd5 $1 Rxd5 36. f6 gxf6 37. Bxe4+ Kg8 $1 {
important move} (37... Kg7 {here I felt I would have something to keep the
initiative} 38. Rg1 $5 h4 39. g5 Qd6 40. gxf6+ Kxf6 41. f5 Rxe4 {forced} 42.
Qxe4 Rd4 43. Qxb7 Rd2 44. Rg2 $11 {with a probable draw}) (37... Kh8 38. g5 $5)
38. gxh5 (38. Rg1 $2 h4 39. g5 f5 $19 {and now there is no Qc3+ winning the R
on d5}) 38... Kh8 $1 (38... Kf8 39. Qf3 $1 $44 {stopping Rxh5 and h6 is coming}
) 39. h6 Rh5 40. Qg3 Rxh6 41. Rg1 Qf8 42. Bf5 Re2 $17 {with a very weird
position, even the computer doesn't know how is Black supposed to win this.
White doesn't have any real threats, but the black pieces are somewhat tied to
the defence of the king.}) 35. Qf2 e3 36. Qg3 Qd6 $1 {Already down to 1 minute,
my opponent found the most precise move.} (36... e2 $2 {is not enough} 37. Qxd3
e1=Q+ 38. Rxe1 Rxe1+ 39. Kh2 Qxf4+ 40. Qg3 Qxb4 41. Rc8 $1 $132) 37. g5 Ne4 $4
(37... e2 $1 {the only winning move} 38. g6+ Kg8 $19 {and the king is safe,
since Black can defend the check with a piece on e8.}) 38. Bxe4 Rxe4 39. Qf3 $1
$18 {Suddenly I am winning! After defending against e2, I attack e4 and h5 and
he is helpless.} Re8 40. Qxh5+ Kg8 41. g6 Rd8 $1 {This deserves an exclamation
mark because it offers the best practical chance.} 42. gxf7+ $6 (42. Re5 $1 {
was the most 'human' way to win, not even allowing Qd5+:} Rd1+ 43. Rxd1 Qxd1+
44. Qxd1 Rxd1+ 45. Kg2 Kf8 46. Rxe3 $18 {with an elementary win in the endgame,
being two pawns up.}) (42. Rc8 $1 Qd5+ 43. Kg1 {I saw this position, and
realised that he didn't have any more checks, but I got scared of 43...fxg6
now, exploiting the pin on my queen. But it doesn't work:} fxg6 44. Rxd8+ $1 {
distracting the black queen} Qxd8 45. fxg6 $18 {White takes g7 and wins.})
42... Kf8 {I thought I was nearly mating him with 43.Qh8+ here, but he simply
takes on f7.} 43. Re5 $6 (43. Rg1 $5 Qh6 44. f6 Qxh5 45. fxg7+ Kxf7 46. Rxh5 e2
47. g8=Q+ Rxg8 48. Rf5+ Ke7 49. Re5+ Kf7 50. Rxg8 Kxg8 51. Kg2 Rb3 52. Rxe2
Rxb4 $14 {White maintains some material, but Black will make a draw with
precise play.}) (43. Qh8+ $2 Kxf7 44. Rc7+ Rd7 45. Qh5+ Ke7 $11 {and Black is
fine.}) (43. Rc8 $1 {the last chance} Qh6 $1 44. Qxh6 gxh6 45. Kg2 Rxc8 46.
Rxc8+ Kxf7 47. Kf3 Rd4 48. b5 axb5 49. Rc7+ Kf6 50. Rxb7 e2 51. Rb6+ Kxf5 52.
Rxb5+ Kg6 53. Kxe2 Rxf4 54. Kd2 $18 {should be winning for White.}) 43... Rd1+
44. Rxd1 Qxd1+ 45. Qxd1 Rxd1+ 46. Kg2 Rb1 $6 (46... Rd4 $1 $11 {was the best,
forcing a draw right away.}) 47. b5 axb5 $2 (47... Rxb5 $2 {loses the pawn
endgame} 48. Rxb5 axb5 49. Kf3 $18) (47... e2 $1 {was the best} 48. bxa6 bxa6 (
48... e1=Q $2 49. Rxe1 Rxe1 50. a7 $18) 49. Kf2 Ra1 50. Kxe2 Ra3 {and Black
will make a draw.}) 48. Rxe3 $2 {Makes it all easier for him.} (48. Kf3 $1 {
was the last try, and Black may still be in trouble here:} Kxf7 49. Kxe3 {
White is marching towards the queenside with his king, it is not easy to
defend.} Kf6 (49... Rb4 50. Kd3 Kf6 51. Kc3 Rxf4 52. Rxb5 Ra4 (52... Rxf5 53.
Kb4 $1 $18 {should be winning}) 53. Kb3 Ra1 54. Kc4 Rc1+ 55. Kd4 Rc7 56. h4 $1
$18 {followed by the further invasion of the white king}) 50. Kd4 b4 (50...
Rb4+ 51. Kc3 Rb1 52. Rd5 {preparing Kd4-Kc5}) 51. Rb5 b3 52. Kc3 Rc1+ 53. Kxb3
Rc7 54. Ka4 $1 {avoiding Rc1 and forcing Black to move the R} Rd7 55. Kb4 Rc7
56. Rc5 $18 {and Kb5, Kb6, Rc7.}) 48... Ra1 49. Re6 Kxf7 50. Rb6 Rxa5 51. Kg3
Ra1 $11 {The rest is simple.} 52. Rxb7+ Kf6 53. Rxb5 Rg1+ 54. Kf2 Ra1 55. Kg3
Rg1+ 56. Kf3 Ra1 57. Kg4 Rg1+ 58. Kh5 Rg3 59. Kh4 Rg1 60. Rb8 Kxf5 61. Rf8+ Ke6
62. Kh5 Rg3 63. Kh4 1/2-1/2

[Event "Gibraltar Masters 16th"]
[Site "Caleta"]
[Date "2018.01.26"]
[Round "4"]
[White "Nakamura, Hikaru"]
[Black "Grandelius, Nils"]
[Result "1-0"]
[WhiteElo "2781"]
[BlackElo "2647"]
[Annotator "Mekhitarian,K"]
[PlyCount "71"]
[EventDate "2018.01.23"]
[EventType "swiss"]
[EventRounds "10"]
[EventCountry "GGB"]
[SourceTitle "CBM 183"]
[Source "ChessBase"]
[SourceDate "2018.03.14"]
[SourceVersion "1"]
[SourceVersionDate "2018.03.14"]
[SourceQuality "1"]

1. e4 c5 2. Nf3 d6 3. d4 cxd4 4. Nxd4 Nf6 5. Nc3 a6 6. Be3 e6 {The
'Scheveningen' style of the English Attack against the Sicilian Najdorf. It
normally brings very dynamic positions, and this game is no exception:} 7. f3
b5 8. Qd2 b4 {The modern way to play this setup, Black immediately pushes his
b4-pawn. Grandelius himself has played this position 6 times before this game.
So it is no surprise that Nakamura came prepared for the battle. Now all the
three knight moves are playable.} 9. Na4 (9. Nce2 e5 10. Nb3 Nc6 11. c4 (11. g4
$5 h6 12. Ng3 Be6 13. O-O-O {1-0 (45) Ruiz C,J (2350)-Rios,C (2501) San
Salvador 2017} Qc7 14. Kb1 (14. Nf5 d5 $1 15. Bc5 g6 16. Bxf8 Kxf8 17. g5 dxe4
$6 (17... hxg5 18. Qxg5 Nh5 $1 $17) 18. gxf6 Bxf5 19. Qd6+ $1 Qxd6 20. Rxd6 Nd8
21. fxe4 Bxe4 22. Rg1 $16 {1-0 (45) Ruiz C,J (2350)-Rios,C (2501) San Salvador
2017. White will regain the a6-pawn with a huge positional advantage:}) 14...
d5 $13 {1-0 (57) Martinez Alcantara,J (2388)-Colon Garcia,E (2343) Sabadell
2014, with complex play.}) 11... Be7 12. g4 g6 13. h4 Be6 14. Ng3 h5 15. g5 Nd7
{and Black has a comfortable plus already, mainly because White has no
prospects of bringing a knight to the d5-square.} 16. Bd3 Nc5 17. Be2 a5 $1 $17
{0-1 (32) Tazbir,M (2521)-Anand,V (2776) Germany 2016}) (9. Nd1 Be7 10. g4 h6
11. Rg1 g5 12. Nf2 e5 13. Nf5 Bxf5 14. gxf5 d5 15. exd5 Qxd5 16. Ne4 Qxd2+ 17.
Bxd2 (17. Nxd2 $1 $14 {with many weak light-squares to explore, White has to
be better in this endgame.}) 17... Nxe4 18. fxe4 Nd7 19. Bd3 Bc5 20. Rg2 Ke7
$11 {1/2-1/2 (52) Dominguez Perez,L (2720)-Grandelius,N (2641) Baku 2016}) 9...
Nbd7 10. O-O-O (10. Bc4 $5 {trying to defend the knight with Bb3 and preparing
kingside castlling} Ne5 (10... Qa5 11. Bb3) 11. Bb3 Rb8 12. O-O Bd7 13. a3 a5
14. axb4 axb4 15. f4 (15. c4 $5 bxc3 16. bxc3 Be7 $11 {and Black looks fine})
15... Neg4 $36 {0-1 (38) Nedev,T (2484)-Saric,I (2671) Tromsoe 2014}) 10... Qa5
11. b3 Bb7 {Preparing ...Nc5.} (11... Nc5 $2 12. Nc6 Qc7 13. Bxc5 Qxc6 14. Bxb4
$18 {1/2-1/2 (64) Warakomski,T (2489)-Gajek,R (2203) Warsaw 2012}) 12. a3 (12.
Kb1 Nc5 $1 13. a3 Nxa4 14. axb4 Qc7 15. bxa4 {similar to the old main line,
but here things are different, and Black has a strong initiative:} Be7 16. c4
O-O 17. Bd3 Rfb8 18. Rc1 Qd7 19. Bc2 d5 $1 20. Bf4 dxc4 21. Bxb8 Rxb8 $44 {
0-1 (36) Gabrielian,A (2524)-Jumabayev,R (2609) St Petersburg 2016; and White
is under huge fire.}) 12... Qc7 13. axb4 d5 14. Bf2 $5 {Nakamura said that
Grandelius was surprised by Bf2 and started to put a lot of thought into the
next few moves. This move has already been seen in two recent over-the-board
games, and two correspondence games as well.} (14. b5 {there was an important
game between two heavyweight players in 2014:} e5 15. bxa6 (15. b6 Nxb6 16. Ne6
fxe6 17. Bxb6 Ba3+ 18. Kb1 Qe7 19. Ba5 $13 {0-1 (34) Brodsky,M (2566)
-Cheparinov,I (2632) Hoogeveen 2006; with complex play.}) 15... Bxa6 16. Nb5
Bxb5 17. Bxb5 d4 18. Bxd4 exd4 19. Qxd4 (19. e5 $5 Rb8 20. exf6 Rxb5 21. Rhe1+
Re5 22. Qxd4 Ba3+ 23. Kb1 O-O $13) 19... Ra5 20. Qd3 Ba3+ 21. Kb1 Ke7 22. Bxd7
Nxd7 23. Nc3 Ne5 (23... Nb6 $1 $19) 24. Nd5+ Rxd5 25. Qxd5 Rc8 26. c4 {1/2-1/2
(66) Caruana,F (2791)-Topalov,V (2772) Stavanger 2014; I still prefer Black,
but the play still is double-edged.}) 14... Bd6 $6 (14... e5 $5 {this game was
played exactly two days before the Nakamura-Grandelius encounter} 15. Nf5 (15.
exd5 $5 {was worth a try} exd4 16. Qe1+ Kd8 17. Bxd4 $36 {with a wild position,
White keeps a strong attack, having three pawns for the sacrificed piece})
15... g6 16. Nh6 Rc8 17. Bd3 $6 (17. Bc5 $1 Nxc5 18. Nxc5 Bxc5 19. bxc5 Qxc5
20. Kb2 Ke7 21. exd5 Bxd5 22. Bxa6 {and after a crazy start, this game ran
into severe simplifications to end in a peaceful draw on the 31st move} Rc7 23.
Ra1 Bxb3 $1 24. Ra5 $1 Qxc2+ 25. Qxc2 Bxc2 26. Rxe5+ Kd6 27. Rb5 Nd5 28. Nxf7+
Rxf7 29. Kxc2 Ne3+ 30. Kd2 Nxg2 31. Ke2 {1/2-1/2 (31) Mercader Martínez,J 
(2396)-Cusicanqui,M (2417) ICCF 2017}) 17... dxe4 18. Bc4 Bd5 $1 19. Nb2 (19.
Bxd5 {runs into the very annoying} Bxh6 $1 $19 {and White has to resign
instantly because of the mate on c2}) 19... exf3 20. Rhe1 fxg2 21. Kb1 Qd6 22.
Bxd5 Qxd5 23. Nd3 $2 (23. Qxd5 {was necessary} Nxd5 24. Rxd5 Bxh6 $15) 23...
Ne4 24. Rxe4 Qxe4 25. Nc5 Nxc5 26. bxc5 Bxh6 27. Qd7+ Kf8 28. Qxc8+ Kg7 29. Qc7
Qe2 {0-1 (29) Bok,B (2607)-Gordievsky,D (2622) Wijk aan Zee 2018}) (14... dxe4
{is also a challenging move, simply taking the central pawn} 15. Bg3 Qc8 $6 (
15... e5 $1 {deserves consideration}) 16. Bc4 Bd5 $6 (16... Be7 17. Rhe1 $36)
17. Bxd5 Nxd5 18. Nf5 $1 $16 N7f6 (18... Bxb4 19. Nxg7+ $18) 19. Nd6+ Bxd6 20.
Bxd6 Qc6 21. Bc5 exf3 22. c4 $1 Ne7 23. gxf3 $18 {1-0 (32) Yoo,C (2242)-Preotu,
R (2501) Calgary 2017; and Black is in deep trouble.}) 15. exd5 Nxd5 16. Bg3 $1
{Nicely defending the b4-pawn.} Rc8 (16... Nxb4 $2 17. Qxb4 Bxb4 18. Bxc7 $18)
(16... O-O 17. c4 $1 $16) 17. c4 $1 {Brave and good - Black is in trouble
already.} Bxb4 (17... Bxg3 {wouldn't help much} 18. hxg3 Qxg3 19. Kb2 {White
has a strong initiative, and his pieces are much more active than their
counterparts:} N5f6 20. Rh3 Qc7 21. g4 $16 {[%csl Rf6] suddenly the knight
doesn't have a decent square to go, meanwhile the white king remains safe on
b2.}) 18. Qg5 $1 {It looks scary to play like this, but White is attacking the
queen and also taking on g7 next move.} Qa5 (18... Bd6 {wouldn't change much:}
19. Qxg7 Rf8 20. Kb1 $18 {the white pawns and pieces create a very interesting
harmony defending the king, keeping a nice pawn up and great attacking
prospects against Black.}) 19. Qxg7 Rf8 (19... Ba3+ 20. Kb1 Nc3+ 21. Kc2 $1 {
not an easy move to see from afar} (21. Nxc3 $2 Qxc3 22. Qxh8+ Nf8 {and White
has to lose a lot of material to avoid checkmate}) 21... Nxd1 22. Qxh8+ Nf8 23.
Kxd1 $18) 20. Nc2 $1 {Now White is a pawn up, and wants to take on d5 possibly.
} Bc6 21. Qa1 $3 {The move is somehwat forced - the double exclamation mark
would be for finding this move in advance, which is very impressive to me.
According to his words after the game - 'it all came down to finding two
precise moves, 20.Nc2 and 21.Qa1'.} Nc5 {One last try by the Swedish
grandmaster, that almost works, but loses the game by force.} (21... N7b6 {
would keep the game going, but after} 22. Nxb6 Qxa1+ 23. Nxa1 Nxb6 24. Nc2 $16
{White is a healthy pawn up.}) 22. Nxc5 Qxa1+ 23. Nxa1 Ba3+ 24. Kd2 Bb4+ 25.
Kd3 $1 {Forced and good!} Nc3 ({There are no ghosts to be afraid of} 25... Bxc5
{as} 26. cxd5 $18 {is a simple win for White.}) 26. Nxa6 Rd8+ 27. Kc2 Rxd1 28.
Nxb4 Rxa1 29. Kxc3 $18 {The rest is quite simple.} Kd7 30. Nc2 Rb1 31. Ne1 Ra8
32. Bd3 Rc1+ 33. Kd2 Raa1 34. Be5 Rd1+ 35. Ke2 Rac1 36. Bb2 1-0